000 00726nam a22001815i 4500
001 168008
003 ES-MaACL
005 20251004063218.0
008 011001s1895 fr |||| | fre d
040 _aCCPB | B
_bspa
_cCCPB | B
100 1 _aWorms, Émile,
_d1838-1918
_9133966
245 1 3 _aLa politique commerciale de l'Allemagne /
_cpar Émile Worms.
260 _aParis :
_bImprimerie et Librairie Générale de Jurisprudence Marchal et Billard, imprimeurs-éditeurs,
_c1895 (
_eMacon :
_fProtat Fréres, imprimeurs)
300 _a305 p. ;
_c22 cm.
651 4 _aAlemania-
_xPolítica comercial.
_9137023
852 _aES-MaACL
_jF-6548
_z-- Enc. pasta española
_q-- Falto de port.
999 _c168008
_d168008